000 00757cam a2200229Ia 4500
001 CFL537709
003 OCoLC
005 20181225225012.0
008 030611s2003 maua j 000 1 spa d
020 _a1841487740 (pbk.)
020 _a9781841487748 (pbk.)
040 _aTEF
_cTEF
041 _aspa
100 1 _aBlackstone, Stella.
240 1 0 _aBear in a square.
_lSpanish.
245 1 0 _aOso en un cuadrado /
_cescrito por Stella Blackstone ; ilustrado por Debbie Harter ; [traducido por Esther Sarfatti].
260 _aCambridge, MA :
_bBarefoot Books,
_c2003.
300 _a[24] p. :
_bcol. ill. ;
_c25 x 26 cm.
520 _aSquares, hearts, circles, and other shapes are hidden in the illustrations.
650 1 _aShape
_vFiction.
942 _cBK
999 _c21617
_d21617